Analogies #2 - Statistics

General Stats
  • This quiz has been taken 89,063 times
    49,947 since last reset
  • The average score is 13 of 20
Answer Stats
This is to this As... % Correct
Bow is to Arrow Gun is to {Bullet}
97%
Elvis is to Rock & Roll Michael Jackson is to {Pop}
92%
Empty is to Full Pessimist is to {Optimist}
86%
Peso is to Mexico Ruble is to {Russia}
84%
Schwinn is to Bicycle Harley is to {Motorcycle}
83%
Dentist is to Teeth Podiatrist is to {Feet}
80%
Taxi is to New York City Gondola is to {Venice}
79%
Electron is to Nucleus Earth is to {Sun}
75%
7 is Heptathlon 10 is to {Decathlon}
72%
CIA is to United States Mossad is to {Israel}
69%
Mao is to China Pol Pot is to {Cambodia}
67%
Mafia is to Italy {Yakuza} is to Japan
59%
Roald Amundsen is to the South Pole Edmund Hillary is to {Mount} {Everest}
58%
Gato is to Cat {Toro} is to Bull
58%
Insomnia is to Sleep {Amnesia} is to Memory
55%
Maid of Honor is to Best Man {Flower} {Girl} is to Ring Bearer
55%
Clinton is to Gore Reagan is to {Bush}
43%
Beyoncé is to Destiny's Child {Diana} {Ross} is to the Supremes
40%
Left Bank is to Seine West Bank is to {Jordan}
34%
Herakles is to Greek legend {Samson} is to the Bible
23%
No matching quizzes found
Score Distribution
Percent of People with Each Score
Percentile by Number Answered
Your Score History
You have not taken this quiz since the last reset